000 00458nam a2200181 a 4500
001 20635
005 20230414123559.0
008 140415s1972 000 0 spa d
041 _aspa
082 _a928
_bTOL
100 1 _aTOLSTOI, LEON
245 1 4 _aLOS GIGANTES
260 _a[s.l.] :
_bPRENSA ESPAÑOLA,
_c1972
300 _a134
490 _aLOS GIGANTES: LA NUEVA BIBLIOTECA PARA TODOS
_v20
650 1 4 _aAUTORES
700 1 _aGONGORA, RAFAEL DE
_etr.
999 _c20635
_d20635